El Crecimiento económico y su relación con el desempleo en Ecuador /
Guardat en:
| Autor principal: | |
|---|---|
| Format: | Text |
| Matèries: | |
| Etiquetes: |
Afegir etiqueta
Sense etiquetes, Sigues el primer a etiquetar aquest registre!
|
MARC
| LEADER | 00000 a a2200000 04500 | ||
|---|---|---|---|
| 001 | 3605 | ||
| 003 | |||
| 040 | |||
| 100 | |a Jiménez V., Kevin M. | ||
| 245 | |a El Crecimiento económico y su relación con el desempleo en Ecuador / |c Kevin M. Jiménez V. | ||
| 650 | |a DESEMPLEO | ||
| 650 | |a ANALISIS ESTADISTICO | ||
| 650 | |a TEORIA ECONOMICA | ||
| 650 | |a ECUADOR | ||
| 773 | |g volumen 56, número 11; páginas 980-987 | ||
| 999 | |c 23076 |d 23076 | ||
